Rubber tree (Hevea brasiliensis) bark necrosis syndrome II: First comprehensive report on casual stresses (Record no. 68092)

MARC details
000 -LEADER
fixed length control field 00502nam a2200181Ia 4500
100 ## - MAIN ENTRY--AUTHOR NAME
Personal name Nandris D
245 #0 - TITLE STATEMENT
Title Rubber tree (Hevea brasiliensis) bark necrosis syndrome II: First comprehensive report on casual stresses
260 ## - PUBLICATION, DISTRIBUTION, ETC. (IMPRINT)
Name of publisher Plant Disease
Year of publication 2004
300 ## - PHYSICAL DESCRIPTION
Number of Pages 1047
650 ## - SUBJECT ADDED ENTRY--TOPICAL TERM
Topical Term Bark necrosis
650 ## - SUBJECT ADDED ENTRY--TOPICAL TERM
Topical Term Casual stress
700 ## - ADDED ENTRY--PERSONAL NAME
Personal name Chrestin H
700 ## - ADDED ENTRY--PERSONAL NAME
Personal name Moreau R
700 ## - ADDED ENTRY--PERSONAL NAME
Personal name Pellegrin F
856 ## - ELECTRONIC LOCATION AND ACCESS
Uniform Resource Identifier Disease notes
942 ## - ADDED ENTRY ELEMENTS (KOHA)
Koha item type Journals
Holdings
Withdrawn status Lost status Damaged status Not for loan Home library Current library Shelving location Date acquired Serial Enumeration / chronology Koha item type
      Journals RRII Library RRII Library Mycology 17/12/2021 Volume 88, Issue 9 Journals